Movies Quiz

Random Movies or Clickable Quiz
Score 0/26 Timer 05:00
0 Plays Today
% Correct
Groundhog Day
93.6%
Happy Gilmore
91%
Wedding Crashers
87.6%
Monty Python and the Holy Grail
87.4%
Office Space
85.6%
Airplane!
83.8%
Zoolander
83.8%
Raising Arizona
82.2%
Little Miss Sunshine
81.1%
National Lampoon's Animal House
77.5%
This Is Spinal Tap
76.2%
Young Frankenstein
75.4%
Planes, Trains & Automobiles
74.4%
% Correct
The Jerk
74.3%
Dr. Strangelove
73.9%
Vegas Vacation
73.2%
Up in Smoke
69.3%
Some Like It Hot
68.4%
A Fish Called Wanda
66.1%
City Lights
58.1%
Everything You Always Wanted to Know About Sex * But Were Afraid to Ask
54.3%
Bringing Up Baby
45.6%
It's a Mad Mad Mad Mad World
42.1%
Xica da Silva
40%
The Kentucky Fried Movie
24.7%
Quick, Before It Melts
21.9%
Remove Ads.
Support Sporcle.
Get the best of Sporcle when you Go Orange. This ad-free experience offers more features, more stats, and more fun while also helping to support Sporcle. Thank you for becoming a member.

You're not logged in!

Compare scores with friends on all Sporcle quizzes.
OR
Log In

Show Comments

Extras

Top Quizzes Today


Score Distribution

Your Account Isn't Verified!

In order to create a playlist on Sporcle, you need to verify the email address you used during registration. Go to your Sporcle Settings to finish the process.

Report this User

Report this user for behavior that violates our Community Guidelines.

Details: